Estudio preliminar de un manual de inversiones
Tallennettuna:
| Yhteisötekijä: | |
|---|---|
| Aineistotyyppi: | Kirja |
| Kieli: | espanja |
| Julkaistu: |
Santiago
s.n
1967
|
| Aiheet: | |
| Tagit: |
Lisää tagi
Ei tageja, Lisää ensimmäinen tagi!
|
MARC
| LEADER | 00000nam a2200000 a 4500 | ||
|---|---|---|---|
| 001 | UCR4639 | ||
| 003 | CL-VaPUC | ||
| 008 | 980313e19670000cl |||||||||||||||||spa|d | ||
| 082 | 0 | 4 | |a 332.6 |b OFI |2 21 |
| 110 | 2 | |a Oficina de Coordinación del Supremo Gobierno con el Sector Privado |e author |9 405068 | |
| 245 | 1 | 0 | |a Estudio preliminar de un manual de inversiones |
| 300 | |a 135 p | ||
| 942 | |c BK | ||
| 945 | |d 19980313 00:00:00 |a cmena | ||
| 260 | |a Santiago |b s.n |c 1967 | ||
| 650 | 0 | |a Inversiones |9 261520 | |
| 650 | 0 | |a Análisis de inversiones |9 261521 | |
| 650 | 0 | |a Evaluación de proyectos |9 259341 | |
| 650 | 7 | |a EVALUACION ECONOMICA |2 CL-VaPUC |9 306196 | |
| 650 | 0 | |a Mercado financiero |9 334172 | |
| 650 | 0 | |a Acciones |9 334173 | |
| 650 | 7 | |a COMERCIO INTERNACIONAL |2 CL-VaPUC |9 405069 | |
| 650 | 0 | |a Bolsa de valores |9 329250 | |
| 650 | 0 | |a Industrialización |9 263687 | |
| 650 | 0 | |a Franquicias |9 345093 | |
| 651 | 7 | |a CHILE |2 CL-VaPUC |9 405070 | |
| 583 | |a last modification |c 20180102 06:22:22 |k Rodrigo Vera | ||
| 999 | |c 267539 |d 267537 | ||
| 952 | |0 0 |1 0 |4 0 |6 332_600000000000000_OFI_1967 |7 0 |8 P |9 299928 |a BIBDER |b BIBDER |d 2019-11-20 |i 1960490 |o 332.6 OFI 1967 |p 1960490 |r 2023-01-25 |w 2019-11-20 |y BK |k DER | ||